|
|
|
|
| LEADER |
00000nab a2200000 a 4500 |
| 001 |
vtls000277734 |
| 003 |
SK-MaSNL |
| 005 |
20260304223821.0 |
| 008 |
250422c1987 xo 0 slo |
| 015 |
|
|
|a SNBRB19rr/mm-uuuuu
|
| 035 |
|
|
|a CL0287852
|
| 035 |
|
|
|a urn:nbn:sk:snk-ab2mr3
|
| 035 |
|
|
|a (urnnbn)urn:nbn:sk:snk:ar-a02ngg
|
| 035 |
|
|
|a (uuid)17691cab-e8cb-461d-8770-56e224943e2d
|
| 040 |
|
|
|a SNKBUCL
|b slo
|c SNKBUCL
|e AACR2
|
| 041 |
0 |
|
|a slo
|
| 044 |
|
|
|a xo
|c SK
|
| 080 |
|
|
|a 069.01:061.3
|2 1981
|
| 080 |
|
|
|a 061.3
|2 1981
|
| 100 |
1 |
|
|a -Sá-
|4 aut
|9 841024
|
| 245 |
1 |
0 |
|a Celoslovenský aktív o rozvoji a úlohách múzeí a galérií po 17. zjazde KSČ
|c -Sá-
|
| 650 |
0 |
7 |
|a múzeá
|2 snkbucl
|9 4119
|
| 650 |
0 |
7 |
|a galérie
|2 snkbucl
|9 21513
|
| 650 |
0 |
7 |
|a SSR
|2 snkbucl
|9 926679
|
| 655 |
|
7 |
|a články z novín a časopisov
|2 snkbucl
|9 267496
|
| 773 |
0 |
|
|t Múzeum
|g Roč. 32, č. 1 (1987), s. 66
|
| 850 |
|
|
|a Slovenská národná knižnica
|
| 852 |
|
|
|a Slovenská národná knižnica
|
| 954 |
|
|
|a odborná, vedecká literatúra pôvodná (slovenská)
|2 lita
|
| 957 |
|
|
|a 5211
|
| 958 |
|
|
|a article27
|
| 958 |
|
|
|a OND
|
| 958 |
|
|
|a EUIPO
|
| 992 |
|
|
|a RBX
|
| 999 |
|
|
|c 3169751
|d 3171681
|